| 000 | 00500nam a22001937a 4500 | ||
|---|---|---|---|
| 003 | CEME | ||
| 005 | 20210628205630.0 | ||
| 008 | 210309b xxu||||| |||| 00| 0 eng d | ||
| 020 | _a1-861001-19-3 | ||
| 040 | _c. | ||
| 082 | _a004.64 HOM | ||
| 100 |
_aHomer, Alex Ullman, Chris _976355 |
||
| 245 | _aInstant netscape dynamic html programmer's reference | ||
| 250 | _a4TH | ||
| 260 |
_aUSA _bWAX PRESS _c1997 |
||
| 300 | _a418P | ||
| 650 |
_aDYNAMIC HTML HTML-DYNAMIC _975462 |
||
| 942 |
_cBK _2ddc |
||
| 999 |
_c581746 _d581746 |
||